• 首页
  • 本馆介绍
  • 公告通知
  • 最新文献
  • 馆藏检索
  • 电子资源
  • 读者导购
  • 参考咨询
  • 我的图书馆
  • 登录
  • 详细信息显示
  • 放入我的书架
  • 预约/预借图书
  • 作者相关作品
  • 分类相关作品
  • 丛书相关作品
  • 出版社相关作品

书目信息

  • 表格格式
  • 工作单格式
  • 卡片格式
书名: The Lenin Museum at Gorki
作者: [Lidi. Ganzha ; translated from the Russian by Nikolai Kurnakov].
分册号:
分册名:
出版地: Moscow :
 
出版社: Raduga Publishers
出版时间: c1984.
页数: 104 p. :
开本: 21 cm.
丛书名:
中图分类号:
科图分类号:
其他分类号: G263.512
主题词:
电子资源:
000 00685cam 2200205 a 4500
001 E0730508577
005 20070426100130.57
020    @a5-05-000688-0.
090    @aG263.512
099    @dG263.512@ex1
100 1  @aGenzha, Lidi雐靉.
245 14 @aThe Lenin Museum at Gorki :@ba guide / @c[Lidi. Ganzha ; translated from the Russian by Nikolai Kurnakov].
260    @aMoscow :@bRaduga Publishers,@cc1984.
300    @a104 p. :@bill. (some col.) ;@c21 cm.
500    @aIll. on lining papers.
500    @aTitle on verso t.p.: Dom-muze鎖 V.I. Lenina v Gorkakh.
710 2  @aDom-muze鎖 V.I. Lenina v Gorkakh.
740 0  @aDom-muze鎖 V.I. Lenina v Gorkakh.
920    @a251430@z1
998    @aSWF
    
    The Lenin Museum at Gorki : : a guide / / [Lidi. Ganzha ; translated from the Russian by Nikolai Kurnakov].-Moscow : : Raduga Publishers, , c1984.
    104 p. : : ill. (some col.) ; ; 21 cm.
    Ill. on lining papers.-Title on verso t.p.: Dom-muze鎖 V.I. Lenina v Gorkakh.
    
    ISBN 5-05-000688-0.
    
●
相关链接 在E读中查询图书 在五车中查询图书 在当当中查询图书 在豆瓣中查询图书


正题名:Lenin Museum at Gorki     索取号:G263.512/x1         预约/预借

序号 登录号 条形码 馆藏地/架位号 状态 备注
1 182708   001171369   第二样本阅览室/ [索取号:G263.512/x1] 在馆    
2 182709   001171350   第四借阅区/ [索取号:G263.512/x1] 在馆    
3 182710   001171403   第四借阅区/ [索取号:G263.512/x1] 在馆    
唐山师范学院图书馆 欢迎您!
大连网信软件有限公司© 版权所有